Okres Stará Ľubovňa stále s vysokým počtom práceneschopných

Bibliographic Details
Main Author: (olo) (Author)
Format: Article
Language:Slovak
Subjects:

MARC

LEADER 00000nab a2200000 a 4500
001 vtls001029761
003 SK-MaSNL
005 20260303193600.0
008 040720e20011112xo 0 slo
035 |a SL8315 
040 |a SLLK  |b slo  |c SLLK  |e AACR2 
041 0 |a slo 
044 |a xo  |c SK 
080 |a 368.4  |2 1981 
100 0 |a (olo)  |4 aut  |9 846299 
245 1 0 |a Okres Stará Ľubovňa stále s vysokým počtom práceneschopných 
650 0 7 |a sociálne poistenie  |2 SLLK  |9 29221 
650 0 7 |a nemocenské dávky  |2 SLLK  |9 70325 
650 0 7 |a pracovná neschopnosť  |2 SLLK  |9 81494 
650 0 7 |a štatistické údaje  |2 SLLK  |9 71119 
651 7 |a Stará Ľubovňa (Slovensko)  |2 SLLK  |9 19193 
651 7 |a SL,  |2 SLLK  |9 1022390 
655 7 |a periodikum  |2 snkbucl  |9 29553 
773 0 8 |t Tatranský denník  |g Roč. 3, č.260, 12.11.2001, s. 1 
852 |a ZVYKNI  |b KIS3GCP 
999 |c 2153105  |d 2155035